| 000 | 00000nam 2200000zi 4500 |
| 001 | 9.933171 |
| 003 | CaOODSP |
| 005 | 20250122135336 |
| 006 | m o d f |
| 007 | cr |n||||||||| |
| 008 | 240131e197011 onc o f000 0|eng d |
| 040 | |aCaOODSP|beng|erda|cCaOODSP |
| 043 | |an-cn---|an-us--- |
| 086 | 1 |aId35-12/1970E-PDF |
| 100 | 1 |aRaynes, G. W., |eauthor. |
| 245 | 10|aDevelopments in the United States food market and their significance for Canadian groundfish products / |cby G.W. Raynes. |
| 264 | 1|aOttawa : |bAgriculture, Fisheries and Food Products Branch, Department of Industry, Trade and Commerce, |cNovember 1970. |
| 300 | |a1 online resource (iv, 58 pages, 2 unnumbered pages) |
| 336 | |atext|btxt|2rdacontent |
| 337 | |acomputer|bc|2rdamedia |
| 338 | |aonline resource|bcr|2rdacarrier |
| 500 | |aDigitized edition from print [produced by Innovation, Science and Economic Development Canada]. |
| 500 | |aIssued also in French under title: L'évolution du marché alimentaire des États-Unis ce qu'elle signifie pour les poissons canadiens de fond. |
| 650 | 0|aFood industry and trade|zUnited States. |
| 650 | 0|aFood consumption|zUnited States. |
| 650 | 0|aFishery products|zCanada. |
| 650 | 0|aFish trade|zCanada. |
| 650 | 0|aFish trade|zUnited States. |
| 710 | 1 |aCanada. |bDepartment of Industry, Trade and Commerce, |eissuing body. |
| 775 | 08|tL'évolution du marché alimentaire des États-Unis ce qu'elle signifie pour les poissons canadiens de fonds / |w(CaOODSP)9.947262 |
| 856 | 40|qPDF|s1.24 MB|uhttps://publications.gc.ca/collections/collection_2025/isde-ised/Id35-12-1970-eng.pdf |